000 00915nam a2200229 i 4500
001 64811
003 ES-MaACL
005 20251015063103.0
007 t|
008 040105s1903 sp ||||1| spa d
100 1 _aFoulché-Delbosc, Raymond,
_d1864-1929
_951941
245 1 0 _aJuan de Mena y el "Arte Mayor" /
_cR. Foulché-Delbosc ; traducido, anotado y precedido de un prólogo por Adolfo Bonilla y San Martín.
260 _aMadrid :
_b[s.n.],
_c1903 (
_fImp. de José Perales y Martínez)
300 _a28 p. ;
_c23 cm.
530 _aDisponible en formato digital.
594 _aTítulo original: Étude sur le Laberinto.
600 1 4 _aMena, Juan de,
_d1411-1456
_980047
700 1 _aBonilla y San Martín, Adolfo,
_d1875-1926
_930193
852 _aES-MaACL
_jT-1029-F-1
856 _uhttp://bdh-rd.bne.es/viewer.vm?id=0000097747&page=1
_zBiblioteca Digital Hispánica
999 _c64811
_d64811